000 00460nam a2200181Ia 4500
008 240925s9999 xx 000 0 und d
020 _a9789352862351
082 _a331 TEM
100 _aTemplar, Richard
245 4 _aThe Rules of Work
250 _a4th
260 _aUttar Pradesh:
_bPearson Education Inc
_c,2018.
300 _a768p.
_b0
_fOriginal
500 _aIncludes Index
600 _aSocial Sciences
650 _aSocial Sciences
942 _cBK
999 _c16347
_d16347